[Event "SapporoSummer2016"]
[Site "?"]
[Date "2016.07.30"]
[Round "3.2"]
[White "Nishimori, Toshiyuki"]
[Black "Manabe, Hiroaki"]
[Result "1-0"]
[WhiteElo "1768"]
[BlackElo "1760"]
[Annotator "Fritz 15 (30s)"]
[PlyCount "73"]

{E30: Nimzo-Indian: Leningrad Variation} 1. d4 Nf6 2. c4 e6 3. Nc3 Bb4 4. a3
Bxc3+ 5. bxc3 c5 6. Bg5 (6. e4 Qa5 7. e5 Ne4 8. Bd2 cxd4 9. cxd4 Qxd2+ 10. Qxd2
Nxd2 11. Kxd2 Nc6 12. Nf3 Na5 13. Ke3 b6 {1/2-1/2 (13) Horvath,G (2431)
-Meszaros,T (2352) Austria 2007}) 6... Qa5 $146 {Black threatens to win
material: Qa5xc3} (6... h6 7. Bxf6 Qxf6 8. Nf3 Nc6 9. e3 O-O 10. Bd3 e5 11. O-O
d6 12. d5 Ne7 13. Nd2 Ng6 14. Qc2 Bd7 15. a4 Be8 16. Rae1 Qe7 17. f4 exf4 18.
exf4 Qd7 19. Ra1 a5 20. g3 Qc7 21. Nf3 {Julve,P (2235)-Boutroy,A (2210) France
1997 1-0}) 7. Qc2 Ne4 {Black threatens to win material: Ne4xg5. Black forks:
c3+g5} 8. Bd2 d5 9. e3 Nc6 10. Nf3 O-O 11. Bd3 f5 12. O-O Bd7 13. Rfb1 {
White threatens to win material: Rb1xb7} Qc7 14. Rb2 (14. cxd5 exd5 15. c4 Be6
$14) 14... Na5 $11 {Black threatens to win material: Na5xc4} 15. Ne5 {Here
comes the goal-getter} Rac8 (15... Nxd2 16. Qxd2 dxc4 17. Bxc4 Nxc4 18. Nxc4
cxd4 19. Qxd4 $11) 16. f3 (16. cxd5 $5 exd5 17. Be1 $11) 16... Nxd2 $15 17.
Qxd2 cxd4 18. exd4 dxc4 19. Be2 $2 (19. Bc2 $142 $5 $15 {is the best option
White has}) 19... Nb3 $17 20. Qd1 Nxa1 21. Qxa1 b5 22. f4 (22. a4 a6 $17) 22...
Bc6 23. Qe1 Qa5 24. Ra2 Rfd8 25. Qg3 (25. Bh5 $142 Be8 26. Bxe8 Rxe8 27. h3 $19
) 25... Be4 26. Bh5 Rc7 27. h3 $2 (27. Qh4 Rd6 28. Bg6 hxg6 29. Nxg6 $19) 27...
Bd3 $1 {Decoy: c3} 28. Qg5 (28. Nxd3 cxd3 {Passed pawn Discovered attack} (
28... Qxc3 {Interception Decoy})) 28... Rdc8 29. Rb2 (29. d5 {otherwise it's
curtains at once} exd5 30. Bf3 Qxc3 31. Bxd5+ Kf8 32. Be6 $19) 29... a6 30. d5
(30. Qh4 {doesn't get the bull off the ice} Qxc3 31. Qf2 Rd8 $19) 30... exd5 (
30... Qxc3 $142 {makes it even easier for Black} 31. Nxd3 Qd4+ 32. Nf2 Qxb2 33.
dxe6 $19) 31. Bf3 Be4 32. Bxe4 dxe4 (32... fxe4 $142 {keeps an even firmer grip
} 33. Rd2 Qxc3 34. Rxd5 $19) 33. Rd2 (33. Qxf5 Qxa3 34. Qe6+ Kh8 35. Kh2 $19)
33... Rb7 (33... Rf8 $142 $19 {and Black can celebrate victory}) 34. Qxf5 Qb6+
(34... Rf8 $5 35. Qxe4 Qxa3 36. Kh2 $19) 35. Kh2 $17 Rd8 $4 {forfeits the
clear win} (35... Rbc7 $142 $17) 36. Qe6+ $3 $18 {Deflection: d8} Qxe6 (36...
Kf8 {praying for a miracle} 37. Qxb6 Rxb6 38. Rxd8+ Ke7 39. Rd7+ Kf8 $18) 37.
Rxd8+ (37. Rxd8+ Qe8 38. Rxe8#) 1-0

[Event "SapporoSummer2016"]
[Site "?"]
[Date "2016.07.30"]
[Round "3.3"]
[White "Sato, Yasuji"]
[Black "Kanamaru, Tomoji"]
[Result "0-1"]
[WhiteElo "1630"]
[BlackElo "1586"]
[Annotator "Fritz 15 (30s)"]
[PlyCount "94"]

{C02: French: Advance Variation} 1. e4 e6 2. Nf3 d5 3. e5 c5 4. c3 Nc6 5. d4
Bd7 6. Bd3 Qb6 7. Qc2 $146 (7. O-O f6 (7... a5 8. Nbd2 cxd4 9. Nb3 Nge7 10.
cxd4 Ng6 11. a4 Nb4 12. h4 Nxd3 13. Qxd3 h6 14. h5 Ne7 15. Nc5 Nc6 16. Be3 Bxc5
17. dxc5 Qb4 18. Bd4 O-O 19. Ra3 Nxd4 20. Qxd4 Rfc8 21. Rc3 Qxb2 22. Qd3 {
Pirrot,D (2422)-Al Modiahki,M (2550) Bad Wiessee 2006 0-1 (39)}) (7... Nge7 8.
Na3 cxd4 9. cxd4 Nb4 10. Be2 Rc8 11. Bd2 Nf5 12. Bxb4 Bxb4 13. Nc2 Be7 14. b3
O-O 15. Bd3 Bb5 16. Qe2 Bxd3 17. Qxd3 Rc7 18. Ne3 Nxe3 19. Qxe3 Rfc8 20. Rac1
Ba3 21. Rxc7 Qxc7 22. Qd3 {Dimitrov,P (2329)-Danov,L (2226) Plovdiv 2014 0-1 
(55)}) (7... Rc8 8. dxc5 Bxc5 9. b4 Bf8 (9... Be7 10. a3 Nh6 11. Be3 Qc7 12.
Bd4 Nxd4 13. cxd4 O-O 14. Nbd2 Qb6 15. Nb3 Ba4 16. Qb1 Bxb3 17. Qxb3 Rc7 18.
Rac1 Rfc8 19. Qb1 g6 20. Rxc7 Qxc7 21. Nd2 a5 22. bxa5 Bxa3 23. Qb5 Nf5 24.
Bxf5 {Pacorro,F (2200)-Rivas Pastor,M (2520) Ceuta 1992 1/2-1/2 (36)}) 10. a4
Qc7 11. Qe2 g6 12. Na3 Qb8 13. Re1 Be7 14. Bg5 Nxe5 15. Nxe5 Bxg5 16. Nxd7 Kxd7
17. c4 d4 18. Qe4 Ke7 19. Rad1 Rd8 20. Nc2 Nf6 21. Qf3 Rd7 22. c5 {Szuk,B 
(2310)-Ezsol,M (2325) Gyor 1992 0-1 (48)}) 8. Re1 c4 9. Bc2 O-O-O 10. b3 cxb3
11. axb3 fxe5 12. Nxe5 Nxe5 13. Rxe5 Bd6 14. Rg5 g6 15. c4 Bb8 16. cxd5 exd5
17. Rxd5 Nf6 18. Rc5+ Bc6 19. Bg5 Qxc5 20. dxc5 Rxd1+ 21. Bxd1 Re8 {Klauner,T 
(2200)-Baptista,P (2200) Graz 1978 1-0 (41)}) (7. dxc5 Bxc5 8. O-O Qc7 $11)
7... h6 {Secures g5} (7... cxd4 8. Qe2 $15) 8. Na3 (8. dxc5 Qc7 9. Bf4 Bxc5 $11
) 8... Rc8 (8... cxd4 9. Rb1 a6 $15) 9. Be3 $2 (9. dxc5 $142 $5 {and White
hangs on} Bxc5 10. O-O Bxa3 11. bxa3 $11) 9... cxd4 $17 10. Nxd4 (10. Bxd4 Nxd4
11. Nxd4 Bxa3 12. bxa3 Qc7 $17) 10... Nxe5 (10... Nb4 $5 11. cxb4 Bxb4+ 12. Ke2
Rxc2+ 13. Naxc2 $19) 11. Be2 Bc5 12. O-O Nf6 13. Qb3 Qc7 (13... Neg4 14. Qxb6
Bxb6 15. Bc1 $17) 14. Bb5 (14. Ndb5 Qb8 15. Bxc5 Rxc5 $17) 14... O-O 15. Bxd7
Qxd7 16. Nac2 (16. Ndc2 Ne4 17. Rad1 Rc6 $17) 16... a6 17. Ne1 Neg4 (17... Nc4
18. Nd3 Bd6 19. h3 $19) 18. Nd3 $17 Nxe3 19. Nxc5 Rxc5 20. fxe3 e5 21. Nf5 Ne4
22. Qc2 (22. Qd1 Kh7 23. Qh5 $17) 22... Rc6 (22... g6 $142 $5 23. Nh4 Qd6 $17)
23. Rad1 $11 Ng5 (23... Qe6 24. Rxd5 Nf6 25. e4 $15) 24. e4 (24. Rxd5 $142 $1
Qe6 25. Qd1 $16) 24... d4 $11 {This push gains space} 25. c4 $2 (25. Qd3 $142
$5 $11 {must be considered}) 25... Rf6 (25... b5 26. c5 a5 27. Rd3 $17) 26. Qd3
Kh8 27. h4 Ne6 28. b3 Nf4 (28... Rg6 29. Qf3 $17) 29. Qf3 (29. Rxf4 exf4 30.
Qxd4 Qe6 $17) 29... Rg6 30. g3 Ne6 31. Kh2 Rf6 32. Qh5 Qc6 {Black threatens to
win material: Qc6xe4} (32... Re8 $142 $5 $17) 33. Ne7 $15 {White threatens to
win material: Ne7xc6} Qxe4 $4 {there were better ways to keep up the pressure}
(33... Qe8 $142 {the rescuing straw} 34. Rxf6 Qxe7 $15) 34. Rxf6 $18 Qc2+ 35.
Kh3 gxf6 36. Qxh6+ Qh7 37. Qxf6+ Qg7 38. Rf1 (38. Qf5 $142 e4 39. Rf1 $16)
38... Qxf6 $11 {Black forks: e7+f1} 39. Rxf6 Kg7 {Black threatens to win
material: Kg7xf6} 40. Rf5 (40. Rf1 d3 41. Nf5+ Kg6 $11) 40... f6 41. h5 $2 (41.
Kg4 d3 42. Rf1 e4 $15) 41... Ng5+ (41... d3 42. Rf1 Nd4 43. g4 $19) 42. Kg4 (
42. Kg2 $142 $17) 42... e4 $4 {letting the wind out of his own sails} (42... d3
$142 43. Rf1 Ne4 $19) 43. Kf4 $4 {gives away a clear win} (43. Rd5 $142 {
White clearly has the better chances} d3 44. Nf5+ Kh7 45. Kf4 $18) 43... e3 $19
44. Rd5 (44. Ng6 {is still a small chance} e2 45. Nxf8 $19) 44... e2 45. Rd7
e1=Q 46. Nf5+ (46. h6+ {cannot change what is in store for ?} Kh7 47. Nf5+ Rf7
48. Rxf7+ Nxf7 49. Ne7 Ng5 50. Kg4 Qxe7 51. Kh4 Qe6 52. g4 Qe1+ 53. Kh5 Qh1#)
46... Kh8 47. Nxd4 (47. Re7 {hardly improves anything} Qf2+ 48. Kg4 Qf3+ 49.
Kh4 Qxf5 50. Rh7+ Kxh7 51. g4 Qf2#) 47... Qe4# 0-1

[Event "SapporoSummer2016"]
[Site "?"]
[Date "2016.07.30"]
[Round "3.5"]
[White "Yamamoto, Eisei"]
[Black "Ito, Katsuhide"]
[Result "1-0"]
[WhiteElo "1554"]
[BlackElo "1449"]
[Annotator "Fritz 15 (30s)"]
[PlyCount "61"]

{B33: Sicilian: Pelikan and Sveshnikov Variations} 1. e4 c5 2. Nf3 Nc6 3. d4
cxd4 4. Nxd4 Nf6 5. Nc3 e5 6. Nb3 Bb4 7. f3 O-O $146 {Black castles and
improves king safety} (7... d5 8. exd5 (8. Bg5 dxe4 9. Qxd8+ Nxd8 10. Bxf6
Bxc3+ 11. bxc3 gxf6 12. fxe4 Ke7 13. Bd3 Be6 14. Kd2 Rg8 15. g3 Rc8 16. Raf1
Bh3 17. Rf2 Ne6 18. Na5 Nc5 19. c4 b6 20. Nb3 Nb7 21. a4 Nd6 22. Kc3 Rxc4+ {
Karaklajic,M (2200)-Cramling,D (2355) Reggio Emilia 1979 0-1 (51)}) 8... Nxd5
9. Bd2 Bxc3 (9... Nxc3 10. bxc3 Bd6 11. Bd3 Qh4+ 12. g3 Qh3 13. Qe2 O-O 14.
O-O-O a5 15. a4 Be6 16. Be3 Ba3+ 17. Kb1 Rfc8 18. Ka2 Bf8 19. g4 Qh4 20. Bc1
Ne7 21. Qxe5 Nd5 22. Bb2 Be7 23. c4 Bf6 24. Qe4 {Cave,C (2276)-Amir,K (2250)
Mallorca 2004 0-1 (71)}) 10. Bxc3 O-O 11. Qd2 Nxc3 12. Qxd8 Rxd8 13. bxc3 Bf5
14. Rc1 Rac8 15. g4 Be6 16. Rd1 Rxd1+ 17. Kxd1 Ne7 18. Kd2 Nd5 19. c4 Nb6 20.
Na5 Bxc4 21. Bxc4 Nxc4+ 22. Nxc4 {Puskas,M (2220)-Bokros,A (2365) Dunajska
Streda 1998 0-1 (37)}) 8. Bg5 a5 {Black's piece can't move: c8} 9. Bc4 (9. Nd2
Bxc3 10. bxc3 h6 $11) 9... a4 $15 10. Nc1 (10. Nd2 $15) 10... Nd4 (10... b5 11.
Bd3 a3 12. Rb1 axb2 13. N1e2 $17) 11. N1e2 $2 (11. a3 Bxc3+ 12. bxc3 Ne6 13.
Bxe6 fxe6 $11) 11... Bc5 (11... a3 $142 $5 12. Kf1 axb2 $17) 12. Nd5 $11 {
Praise the knight!} Ne6 {Black threatens to win material: Ne6xg5} (12... Qa5+
$142 13. Bd2 Qd8 $11) 13. Qd3 $4 {White loses the upper hand} (13. Bxf6 gxf6
14. Qd2 Kh8 $14) 13... Qa5+ (13... Nxg5 $142 {makes sure everything is clear}
14. O-O-O d6 $19) 14. Bd2 $11 Qa7 (14... Qd8 $142 $5 $11 {deserves
consideration}) 15. Nxf6+ $16 gxf6 16. O-O-O Kh8 17. g4 Nc7 (17... d6 18. Ng3
$16) 18. Bh6 {White threatens to win material: Bh6xf8} (18. Nc3 $142 $5 $16)
18... b5 $11 {Black threatens to win material: b5xc4} 19. Bxf8 (19. Bd5 Nxd5
20. Qxd5 Bb7 21. Qxd7 Be3+ 22. Bxe3 Qxe3+ 23. Kb1 Qxe2 24. Qxb7 a3 $14) 19...
bxc4 20. Qxc4 {White forks: f7+c5} d5 $4 {stumbles just before the finish line}
(20... Bxf8 $142 {was possible} 21. Qxf7 Ne6 $11) 21. Bxc5 $18 Ba6 (21... Qb7 {
a fruitless try to alter the course of the game} 22. exd5 Bd7 23. Qb4 $18) 22.
Qb4 Qb8 23. Rhe1 (23. Qxb8+ {and White can already relax} Rxb8 24. Ng3 d4 $18)
23... d4 (23... Qc8 {hardly improves anything} 24. Be7 Ne8 25. Rxd5 $18) 24.
Ng3 (24. Qxb8+ $142 {might be the shorter path} Rxb8 25. Bd6 $18) 24... Qd8 (
24... Qc8 $18 {there is nothing better in the position}) 25. Be7 Qd7 26. Bxf6+
Kg8 27. Qd2 (27. Nf5 h6 28. Qd2 Qxf5 29. gxf5 Kh7 30. Rg1 Ne6 31. fxe6 Rg8 32.
Rxg8 h5 33. Rg7+ Kh8 34. Qh6#) 27... Qe6 (27... Ne6 {is one last hope} 28. Bxe5
a3 $18) 28. Qg5+ Kf8 29. Nf5 Bb5 30. Qh6+ Ke8 31. Ng7+ (31. Ng7+ Kd7 32. Nxe6
Nxe6 33. Qxh7 $18) 1-0

[Event "SapporoSummer2016"]
[Site "?"]
[Date "2016.07.31"]
[Round "4.1"]
[White "Sugimoto, Koichi"]
[Black "Nishimori, Toshiyuki"]
[Result "1/2-1/2"]
[WhiteElo "2040"]
[BlackElo "1768"]
[Annotator "Fritz 15 (30s)"]
[PlyCount "139"]

{D55: Queen's Gambit Declined: 4 Bg5 Be7: Lines without ...h6 and 6...h6 7 Bxf6
} 1. d4 d5 2. c4 e6 3. Nf3 Nf6 4. Bg5 Be7 5. Nc3 O-O 6. e3 b6 7. cxd5 Nxd5 8.
Bxe7 Qxe7 9. Nxd5 exd5 10. Rc1 Bf5 (10... Be6 11. Bd3 Rc8 12. Qc2 g6 13. h4 c5
14. dxc5 bxc5 15. h5 Qf6 16. Qc3 Nd7 17. hxg6 hxg6 18. Qxf6 Nxf6 19. Ng5 Bd7
20. Ba6 Rc7 21. b3 Rb8 22. Be2 a5 23. Rc3 a4 {1/2-1/2 (23) Landa,K (2570)
-Kharitonov,A (2520) Smolensk 1997}) 11. Qb3 $146 (11. Be2 Be4 12. O-O c5 13.
dxc5 bxc5 14. Nd2 Nd7 15. Nxe4 dxe4 16. Qd5 Rab8 17. b3 Rfc8 18. Rfd1 Nf6 19.
Qd6 Qxd6 20. Rxd6 Rb6 21. Rxc5 Rcb8 22. Rd4 R6b7 23. Kf1 g6 24. Ba6 Re7 25.
Rc8+ Rxc8 {Csizmadia,L (2274)-Purkald,M (2213) Hungary 2002 1-0 (48)}) 11...
Qd6 12. Qc3 c6 {Prevents intrusion on b5} 13. Ne5 {White threatens to win
material: Ne5xc6} Rc8 14. b4 f6 {Black threatens to win material: f6xe5} 15.
Nf3 (15. Bd3 $5 {might be a viable alternative} Be6 16. Nf3 $11) 15... a5 $17
16. b5 Qb4 (16... cxb5 $142 $5 17. Qxc8+ Bxc8 18. Rxc8+ Kf7 $17) 17. a3 $11
Qxc3+ 18. Rxc3 c5 19. dxc5 Rxc5 20. Kd2 {White loses the right to castle} Nd7
21. Nd4 {The knight is not easily driven from d4} Rxc3 22. Kxc3 Rc8+ 23. Kb2
Bg6 24. Nc6 Kf8 25. Be2 Nc5 26. Rd1 {White threatens to win material: Rd1xd5}
Be8 {Black threatens to win material: Be8xc6} 27. Rxd5 Bxc6 28. bxc6 Rxc6 29.
Bb5 {White threatens to win material: Bb5xc6. A comfortable square for the
white bishop} Rc7 30. Rd8+ Ke7 {Black threatens to win material: Ke7xd8} 31.
Re8+ Kd6 32. Rb8 {White threatens to win material: Rb8xb6} Ne4 {Black
threatens to win material: Ne4xf2} 33. f3 {White threatens to win material:
f3xe4} (33. Rxb6+ Kc5 34. Rb8 Nxf2 $11) 33... Kc5 {Black threatens to win
material: Kc5xb5} 34. Bd3 {White threatens to win material: Bd3xe4} Nd6 35.
Bxh7 (35. Rh8 $5 $11) 35... Nc4+ $17 {Black forks: e3} 36. Kb3 (36. Ka2 Nxe3
37. g4 Nc4 $17) 36... Nxe3 37. g4 Nd5 (37... Nc4 $142 $5 38. Be4 b5 $17) 38.
Be4 $11 Ne7 39. Rd8 b5 40. h4 a4+ {Black gains space} (40... Nc8 41. Rd5+ Kc6
42. Rd3+ Kc5 43. Rc3+ Kb6 44. Rxc7 Kxc7 45. f4 $14) 41. Kb2 $14 Nc6 $4 (41...
Nc8 $142 $14 {was much better}) 42. Rd5+ $18 Kc4 43. Rd3 (43. Rd1 $142 {
and White has triumphed} Kc5 44. Rc1+ Kd6 45. Bxc6 $18) 43... b4 $16 44. axb4
Kxb4 45. Rc3 Kb5 (45... a3+ 46. Rxa3 Nd4 47. Rd3 $16) 46. Ka3 Kb6 47. Rc4 (47.
Kxa4 Ra7+ 48. Kb3 Ne5 $16) 47... Na7 (47... Nd8 48. Rd4 Nc6 49. Rxa4 $16) 48.
Rb4+ (48. Rxa4 Nc6 $16) 48... Kc5 49. Kxa4 Nc8 50. Kb3 Nd6 51. Bd3 Kd5 52. h5 {
White wins space} Rc1 (52... Re7 53. Kc3 $16) 53. Kb2 {White threatens to win
material: Kb2xc1} (53. Ra4 Re1 54. Kc3 Re3 55. Ra5+ Ke6 $16) 53... Rh1 54. Kc2
Rh2+ (54... Rh3 55. Rb3 Rh2+ 56. Kd1 Kd4 $16) 55. Kc3 (55. Kd1 $142 $5 $16)
55... Rf2 $11 56. f4 Rg2 57. f5 {This push gains space} Rg3 58. Kd2 Kc5 {
Black threatens to win material: Kc5xb4} (58... Ke5 59. Ra4 $11) 59. Ra4 $14
Kd5 60. Ke2 Ke5 61. Ra7 (61. Bb1 $142 $5 $14 {and White has air to breath})
61... Rxg4 $15 62. Kf3 {White threatens to win material: Kf3xg4} Rg5 {[%cal
Rd6f5,Re5f5,Rg5f5,Gd3f5] The pressure on the isolated pawn grows} 63. Re7+ Kd5
64. Kf4 Kd4 {Black threatens to win material: Kd4xd3} 65. Rd7 {White threatens
to win material: Rd7xd6} Kd5 66. Bc2 Kc5 67. Rc7+ Kb6 {Black threatens to win
material: Kb6xc7} 68. Rd7 {White threatens to win material: Rd7xd6} Kc5 69.
Rc7+ {Twofold repetition} Kb6 70. Rd7 1/2-1/2

[Event "SapporoSummer2016"]
[Site "?"]
[Date "2016.07.31"]
[Round "4.2"]
[White "Watanabe, Katsumi"]
[Black "Yamanouchi, Kento"]
[Result "0-1"]
[WhiteElo "1612"]
[BlackElo "1996"]
[Annotator "Fritz 15 (30s)"]
[PlyCount "72"]

{B10: Caro-Kann: 2 d3 and 2 c4} 1. e4 c6 2. Nf3 d5 3. e5 Bg4 4. h3 Bxf3 5. Qxf3
e6 6. d4 Ne7 {Black has a cramped position. Black's piece can't move: f8} (6...
c5 7. Bb5+ Nd7 8. c3 Ne7 9. Bg5 a6 10. Bxd7+ Qxd7 11. Bxe7 Bxe7 12. dxc5 Bxc5
13. O-O O-O 14. Qe2 f6 15. exf6 Rxf6 16. Kh1 Raf8 17. f3 Qd6 18. Nd2 Ba7 19.
Rfe1 Bb8 20. Nf1 e5 21. Ne3 {Dominguez,R (2196)-Castaneda,J (2199) San Andres
Isla 2015 0-1}) 7. Bd3 $146 (7. Qb3 Qc7 8. Nd2 c5 9. Nf3 Nec6 10. c3 cxd4 11.
cxd4 Bb4+ 12. Bd2 Bxd2+ 13. Kxd2 O-O 14. Bd3 f6 15. Rac1 fxe5 16. dxe5 Nd7 17.
Rhe1 Nb6 18. Qc2 g6 19. Kd1 Qg7 20. Qe2 Rad8 21. Ng5 Qe7 {Burgos,C (2335)
-Gomez Baillo,J (2418) Cordoba 2004 0-1 (37)}) 7... c5 {The typical lever} 8.
c3 Nbc6 9. Be3 (9. dxc5 Nxe5 10. Bb5+ N7c6 $11) 9... Qb6 $15 10. b3 (10. Qe2 $5
{has some apparent merit} cxd4 11. cxd4 Nxd4 12. Qd2 $15) 10... cxd4 $17 11.
cxd4 Qb4+ 12. Bd2 Qxd4 13. Bc3 Qb6 {[%cal Yd5d4] Black prepares d4} 14. O-O Ng6
15. Re1 d4 16. Bxg6 hxg6 17. Bb2 Bb4 (17... Rh5 18. Nd2 $17) 18. Re2 (18. Re4
Rd8 19. Na3 O-O $17) 18... Rd8 19. Na3 O-O 20. Nc4 Qc7 21. Rd1 (21. a3 $5 Be7
22. Qe4 $17) 21... Rd5 22. Qg3 Rfd8 23. Rd3 $2 (23. Rc2 $142 $19) 23... b5 24.
a3 bxc4 (24... Be7 $5 {might be the shorter path} 25. Nd2 Nxe5 26. Nf3 $19) 25.
bxc4 Rc5 26. axb4 Rxc4 27. b5 Nb4 28. Ba3 $4 {an oversight. But White was lost
anyway.} (28. Rd1 $142 $19) 28... Nxd3 29. Qxd3 Rc3 30. Bd6 Rxd3 31. Bxc7 Rc8
32. b6 (32. Bd6 {cannot undo what has already been done} Rd1+ 33. Kh2 d3 $19)
32... axb6 33. Bxb6 Rd1+ 34. Kh2 d3 35. Re4 d2 36. Rd4 Rb1 (36... Rb1 37. Rxd2
Rxb6 $19) 0-1

[Event "SapporoSummer2016"]
[Site "?"]
[Date "2016.07.31"]
[Round "4.3"]
[White "Kanamaru, Tomoji"]
[Black "Manabe, Hiroaki"]
[Result "0-1"]
[WhiteElo "1586"]
[BlackElo "1760"]
[Annotator "Fritz 15 (30s)"]
[PlyCount "40"]

{B50: Sicilian: 2...d6, Miscellaneous} 1. e4 Nf6 2. d3 c5 3. Nc3 (3. f4 Nc6 4.
Nf3 e6 5. g3 Be7 6. Bg2 O-O 7. O-O d5 8. e5 Ne8 9. Nc3 Rb8 10. a4 a6 11. Kh1 b5
12. axb5 axb5 13. d4 Bd7 14. Be3 cxd4 15. Nxd4 Nxd4 16. Bxd4 Nc7 17. Ne2 b4 {
Balashov,Y (2545)-Sveshnikov,E (2450) Nabereznye Chelny 1988 1/2-1/2 (49)})
3... Nc6 4. Nf3 (4. g3 d5 5. Bg2 d4 6. Nce2 e5 7. h3 Bd6 8. f4 Qc7 9. Nf3 Bd7
10. O-O O-O-O 11. Bd2 Kb8 12. a3 Qc8 13. Kh2 h5 14. f5 Rdf8 15. Rb1 Ka8 16. b4
g6 17. Nh4 Rhg8 18. b5 Nb8 {Perez Mederos,R (2192)-Ruiz,L (2224) Santa Clara
2015 1-0 (57)}) 4... d6 $146 {Covers e5} (4... d5 5. exd5 Nxd5 6. Be2 Nxc3 7.
bxc3 g6 8. O-O Bg7 9. Bd2 O-O 10. Qc1 Re8 11. a4 Bd7 12. Re1 Qc7 13. Qa3 b6 14.
h3 e5 15. Rab1 Re7 16. Nh2 Rae8 17. Bf3 h6 18. Nf1 f5 19. Ne3 {Maroczy,
G-Bogoljubow,E Vienna 1922 1-0 (46)}) 5. Be2 g6 6. O-O Bg7 7. d4 cxd4 8. Nxd4
a6 {Controls b5} 9. Bf3 Qb6 {Black threatens to win material: Qb6xd4} 10. Nb3
O-O 11. Be3 {White threatens to win material: Be3xb6} Qd8 {White has a very
active position} 12. Nd4 Ne5 13. Be2 b5 14. a3 {White has an active position}
Bb7 15. f3 {Consolidates g4} Rc8 16. Qd2 Nc4 17. Bxc4 Rxc4 {Black has the pair
of bishops} 18. Nce2 Qd7 (18... e5 19. Nb3 Qc7 20. Rac1 $15) 19. c3 (19. Rad1
Qc7 20. b3 Rc5 $11) 19... Rfc8 (19... e5 $5 20. Nc2 d5 $15) 20. Bh6 $11 Bh8 0-1

[Event "SapporoSummer2016"]
[Site "?"]
[Date "2016.07.31"]
[Round "4.4"]
[White "Yamamoto, Eisei"]
[Black "Sato, Yasuji"]
[Result "0-1"]
[WhiteElo "1554"]
[BlackElo "1630"]
[Annotator "Fritz 15 (30s)"]
[PlyCount "76"]

{D06: Queen's Gambit: Symmetrical and Baltic Defences} 1. Nf3 d5 2. d4 Nf6 3.
c4 Bf5 4. Nc3 e6 5. Bg5 h6 $146 (5... Nc6 6. e3 (6. cxd5 exd5 7. Bxf6 gxf6 8.
Rc1 Qd6 9. a3 Bh6 10. e3 O-O 11. Bd3 Bxd3 12. Qxd3 a6 13. Nh4 Ne7 14. Nf5 Nxf5
15. Qxf5 c6 16. Qh5 f5 17. Qxf5 Rae8 18. Ne2 Re6 19. Ng3 Rf6 20. Qd3 Qe6 {
Cramling,P (2470)-Moyano Morales,F (2220) Palma de Mallorca 1991 1-0 (33)})
6... Be7 7. Bxf6 Bxf6 8. cxd5 exd5 9. Qb3 Ne7 10. Qxb7 O-O 11. Be2 c5 12. O-O
c4 13. b3 Qa5 14. b4 Qd8 15. Qa6 Qb8 16. Qa4 Qb6 17. a3 Rfb8 18. Qd1 a5 19. b5
a4 20. Qd2 {Hausner,I (2365)-Vokac,M (2200) Marianske Lazne 1978 1-0 (48)}) (
5... Bb4 6. Qa4+ Nc6 7. e3 O-O 8. Be2 dxc4 9. Bxc4 a6 10. Be2 h6 11. Bxf6 Qxf6
12. O-O Rfe8 13. Rac1 Bf8 14. Nd2 Qg6 15. Kh1 Red8 16. Qd1 Bd3 17. Bxd3 Qxd3
18. Nb3 Qg6 19. Qf3 e5 20. d5 {Demidov,M (2519)-Nosenko,A (2506) Prague 2015
0-1 (57)}) (5... Be7 6. cxd5 Nxd5 7. Bxe7 Qxe7 8. Nxd5 exd5 9. Qb3 O-O 10. e3
c6 11. Be2 Nd7 12. O-O Nf6 13. Ne5 Ne4 14. Rad1 Rae8 15. Qa4 a6 16. Qa5 Qh4 17.
Qb4 Re6 18. Qxb7 Rh6 19. Nf3 Qh5 20. Qc7 {Palao,M (2155)-Sequera Paolini,J 
(2330) Matanzas 1994 0-1 (59)}) (5... c6 6. Nh4 $14) 6. Bh4 (6. Bxf6 $5 gxf6 7.
Nh4 $16) 6... Bb4 7. a3 Bxc3+ 8. bxc3 c6 9. e3 Nbd7 10. Ne5 (10. cxd5 $5 exd5
11. Bd3 Bxd3 12. Qxd3 $11) 10... Qa5 {Black threatens to win material: Qa5xc3}
11. Qb3 {White threatens to win material: Qb3xb7} Ne4 (11... Nxe5 12. dxe5 Nd7
$17) 12. Rc1 $4 {gives the opponent counterplay} (12. Nxd7 $142 dxc4 13. Bxc4
$16) 12... Nxe5 $17 13. dxe5 O-O (13... g5 14. Bg3 O-O-O 15. Qb4 $17) 14. Be7 (
14. f3 $142 Qc5 15. Ke2 dxc4 16. Qb4 $17) 14... Nc5 $4 {Black lets it slip away
} (14... Rfe8 15. Qb4 Qb6 16. Bd6 $17) 15. Qb2 $4 {forfeits the advantage} (15.
Qb4 $142 Qxb4 16. cxb4 $16) 15... Rfe8 $15 16. Bd6 {White can be proud of that
piece} Nd3+ (16... Qb6 $142 $5 17. Qxb6 axb6 18. cxd5 exd5 $17) 17. Bxd3 $11
Bxd3 {Black traps the enemy king in the center} 18. c5 (18. cxd5 cxd5 19. Qxb7
Rac8 $11) 18... b6 {Black threatens to win material: b6xc5} 19. Qb4 Qa6 20. f3
{Covers e4} Qb7 21. Kd2 Bc4 22. a4 b5 23. axb5 Bxb5 24. c4 {White threatens to
win material: c4xb5.} a5 {Black threatens to win material: a5xb4} 25. Qb2 dxc4
26. Rxc4 (26. Rc3 Red8 $15) 26... Qd7 (26... a4 $5 27. Rb4 a3 $17) 27. Rc3 (27.
Rd4 Qd8 $11) 27... a4 28. Ra3 Reb8 29. Qd4 Rb7 30. Rha1 Qd8 31. Kc2 (31. Ke1 $5
$11) 31... Qa5 $15 {White king safety dropped} 32. Qc3 (32. Kd1 Qa6 $15) 32...
Qa6 $17 33. Kd2 (33. Kd1 $5 $17) 33... Bf1 34. Kc2 $4 {shortens the misery for
White} (34. Re1 $142 Bxg2 35. e4 $17) 34... Bxg2 (34... Rb3 $142 {keeps an
even firmer grip} 35. Qd2 Qc4+ 36. Kd1 Bxg2 37. Rxb3 Bxf3+ 38. Ke1 Qxb3 $19)
35. Rg1 (35. Qd3 Qa5 36. Qc3 $19) 35... Bxf3 (35... Qe2+ $142 {makes it even
easier for Black} 36. Kc1 Rb3 37. Qxb3 axb3 38. Rxa8+ Kh7 39. Rxg2 Qxg2 $19)
36. e4 (36. Kc1 {the last chance for counterplay} Qb5 37. Qa1 $19) 36... Qe2+
37. Kc1 Bxe4 (37... Rb3 38. Qd2 Qxe4 39. Rxb3 axb3 40. Kb2 Ra2+ 41. Kc3 Rxd2
42. Rxg7+ Kxg7 43. Kxd2 Qd4+ 44. Ke1 Qe3+ 45. Kf1 Qe2+ 46. Kg1 Qe1#) 38. Rxg7+
(38. Ra1 {doesn't do any good} a3 39. Qd2 Qf3 40. Rg3 a2 41. Qd3 Qf4+ 42. Kc2
Qf2+ 43. Kd1 Bxd3 44. Rxg7+ Kxg7 45. Bf8+ Rxf8 46. h4 Rb1+ 47. Rxb1 axb1=Q#)
38... Kxg7 (38... Kxg7 39. Qg3+ Kh8 40. Qg7+ Kxg7 41. Rg3+ Kh8 42. Rg8+ Rxg8
43. h3 Rb1#) 0-1